000
00212 a2200097 4500
001
27430
100
_a
Foulsham,
245
_a
Modern guide to digital logic
260
_a
_b
Foulsham
_c
1977
090
_c
18224
_d
18224
942
_a
NUST-CAE
_c
M
_c
9141
999
_c
262503
_d
262503